STN EN ISO 22477-10: 2024 (72 1035), Geotechnický prieskum a skúšky. Skúšanie geotechnických konštrukcií Časť 10 Skúšanie mikropilót: rýchle zaťažovacie skúšky (ISO 22477-10: 2016)
Táto slovenská technická norma je slovenskou verziou európskej normy EN ISO 22477-10: 2016. Preklad zabezpečil Úrad pre normalizáciu, metrológiu a skúšobníctvo Slovenskej republiky. STN EN ISO 22477-10 má rovnaké postavenie, ako majú oficiálne verzie
| Other Authors: | |
|---|---|
| Format: | Book |
| Language: | Slovak English |
| PhysicalDescription: | 32 strán obrázky 30 cm |
| Published: |
Bratislava
Úrad pre normalizáciu, metrológiu a skúšobníctvo Slovenskej republiky
2024
|
| Subjects: |
MARC
| LEADER | 00000cam a2200000 a 4500 | ||
|---|---|---|---|
| 001 | vtls012265105 | ||
| 003 | SK-MaSNL | ||
| 005 | 20260301232031.0 | ||
| 008 | 241009s2024 xo a f nu 000 0 slo | ||
| 015 | |a SNBN2025 | ||
| 040 | |a SNK |b slo |c SNK |e AACR2 | ||
| 041 | 1 | |a slo |h eng | |
| 044 | |a xo |c SK | ||
| 046 | |a s |m 20241001 (účin.) | ||
| 072 | 7 | |a 624 |x Stavebné inžinierstvo |2 konspekt | |
| 080 | |a 624.13:550.8 |2 2011 | ||
| 080 | |a 006.7/.8 |2 2001 | ||
| 080 | |a (437.6) |2 2001 | ||
| 080 | |a (4) |2 2001 | ||
| 084 | |a 93.020 |2 ICS | ||
| 130 | 0 | |a STN 72 1035 (STN EN ISO 22477-10) |9 625056 | |
| 245 | 1 | 0 | |a STN EN ISO 22477-10: 2024 (72 1035), Geotechnický prieskum a skúšky. Skúšanie geotechnických konštrukcií |n Časť 10 |p Skúšanie mikropilót: rýchle zaťažovacie skúšky (ISO 22477-10: 2016) |
| 246 | 1 | 0 | |a Geotechnický prieskum a skúšky |
| 246 | 1 | 0 | |a Skúšanie geotechnických konštrukcií. Časť 10 |
| 246 | 1 | 0 | |a Skúšanie mikropilót: rýchle zaťažovacie skúšky |
| 246 | 3 | 0 | |a ISO 22477-10: 2016 |
| 246 | 3 | 0 | |a EN ISO 22477-10: 2016 SK |
| 260 | |a Bratislava |b Úrad pre normalizáciu, metrológiu a skúšobníctvo Slovenskej republiky |c 2024 | ||
| 300 | |a 32 strán |b obrázky |c 30 cm | ||
| 500 | |a Súbežný názov v angličtine, francúzštine, nemčine | ||
| 500 | |a Spracovateľ: Amberg Engineering Slovakia, s.r.o., Bratislava Viktor Tóth | ||
| 500 | |a Táto slovenská technická norma nahrádza anglickú verziu STN EN ISO 22477-10 z apríla 2017 v celom rozsahu | ||
| 504 | |a Normatívne referenčné dokumenty na strane 2 a bibliografia na strane 29 | ||
| 520 | 8 | |a Táto slovenská technická norma je slovenskou verziou európskej normy EN ISO 22477-10: 2016. Preklad zabezpečil Úrad pre normalizáciu, metrológiu a skúšobníctvo Slovenskej republiky. STN EN ISO 22477-10 má rovnaké postavenie, ako majú oficiálne verzie | |
| 540 | |a STN vydané na akomkoľvek nosiči sa môžu rozmnožovať a rozširovať iba so súhlasom určenej právnickej osoby |b SÚTN Bratislava |c zákon 60/2018 Z. z. | ||
| 650 | 0 | 7 | |a geotechnický prieskum |2 SNKPH |9 111954 |
| 650 | 0 | 7 | |a technické normy a štandardy |z Slovensko |2 SNKPH |9 79594 |
| 650 | 0 | 7 | |a technické normy a štandardy |z krajiny Európskej únie |2 SNKPH |9 289341 |
| 650 | 0 | 7 | |a Geotechnical prospecting |2 SNKPHeng |9 371610 |
| 655 | 7 | |a normy |2 SNKPH |9 70643 | |
| 700 | 1 | |a Tóth, Viktor |4 trl |9 335386 | |
| 710 | 1 | |a Slovensko. |b Úrad pre normalizáciu, metrológiu a skúšobníctvo |4 stn |9 158117 | |
| 710 | 2 | |a Slovenský ústav technickej normalizácie (Bratislava, Slovensko). |b Technická komisia č. 14 Geotechnika |4 stn |9 334125 | |
| 710 | 2 | |a Amberg Engineering Slovakia (Bratislava, Slovensko) |4 stn |9 350524 | |
| 958 | |a OP | ||
| 958 | |a NB | ||
| 999 | |c 960207 |d 962137 | ||
| 952 | |a SNK |b SNK |y PREZ |7 0 |p 17A1538464 |o snkSTN EN ISO 22477-10 |i snk2025/3915 |8 0 |0 0 |1 0 |4 0 |d 2025-03-04 |l 0 |r 2026-02-24 10:16:45 |w 2026-02-24 | ||


